000
00498nam a2200181Ia 4500
008
090124s9999 xx 000 0 und d
082
_b
117761
100
_a
लाटे दिनानाथ ना.
245
_a
धूळफेक
250
_a
1
260
_c
1979
300
_a
246
600
_a
लाटे दिनानाथ ना.
630
_a
धूळफेक
700
_a
लाटे दिनानाथ ना.
730
_a
धूळफेक
942
_c
BOOK
999
_c
163848
_d
163848